[Event "for NEW players (#35) - 10d+1d/m"]
[Site "SchemingMind.com"]
[Date "2010.11.21"]
[Round "-"]
[White "SwirlingEddie"]
[Black "abuteague"]
[Result "1-0"]
[WhiteCountry "USA"]
[BlackCountry "USA"]
[WhiteElo "2059"]
[WhiteRD "145"]
[BlackElo "1723"]
[BlackRD "125"]
[GameID "267574"]

1. d4 d6 2. e4 Nf6 3. Nc3 c6 4. f4 Qa5 5. Bd3 e5 6. Nf3 Bg4 7. Be3 Be7 8. h3 Bxf3 9. Qxf3 Nbd7 10. O-O-O b5
11. Kb1 b4 12. Ne2 c5 13. dxe5 dxe5 14. g4 Nb6 15. Ng3 c4 16. Bxb6 axb6 17. Bxc4 b5 18. Bb3 O-O 19. fxe5 Ne8 20. Nf5 Bc5
21. Rd7 Nc7 22. Rxf7 Rxf7 23. Nh6+
1-0

[Event "for NEW players (#35) - 10d+1d/m"]
[Site "SchemingMind.com"]
[Date "2010.11.22"]
[Round "-"]
[White "abuteague"]
[Black "SwirlingEddie"]
[Result "0-1"]
[WhiteCountry "USA"]
[BlackCountry "USA"]
[WhiteElo "1723"]
[WhiteRD "125"]
[BlackElo "2059"]
[BlackRD "145"]
[GameID "267575"]

1. d4 Nf6 2. Bg5 d5 3. Bxf6 exf6 4. g3 c6 5. Bg2 f5 6. e3 Nd7 7. Ne2 Bd6 8. Nd2 Nf6 9. c4 Be6 10. cxd5 Bxd5
11. O-O O-O 12. a3 Re8 13. b4 Ne4 14. Nxe4 fxe4 15. Nc3 Bc4 16. Re1 f5 17. Bf1 Bf7 18. Rc1 a5 19. Rb1 axb4 20. axb4 Qe7
21. b5 Bb4 22. Qc1 Ra3 23. Nxe4 fxe4 24. bxc6 bxc6
0-1

[Event "for NEW players (#35) - 10d+1d/m"]
[Site "SchemingMind.com"]
[Date "2010.11.23"]
[Round "-"]
[White "PhilJ"]
[Black "SwirlingEddie"]
[Result "0-1"]
[WhiteCountry "ENG"]
[BlackCountry "USA"]
[WhiteElo "1416"]
[WhiteRD "183"]
[BlackElo "2059"]
[BlackRD "145"]
[GameID "267651"]

1. e4 Nf6 2. e5 Nd5 3. d4 d6 4. c4 Nb6 5. f4 dxe5 6. fxe5 Nc6 7. Be3 Bf5 8. Nc3 e6 9. Nf3 Be7 10. d5 exd5
11. Nxd5 O-O 12. Nxe7+ Qxe7 13. Bd3 Rad8 14. Ng5 Bxd3 15. Qh5 Qxe5 16. Qxh7+ Bxh7 17. Rf1 Qxe3#
0-1

[Event "for NEW players (#35) - 10d+1d/m"]
[Site "SchemingMind.com"]
[Date "2010.11.22"]
[Round "-"]
[White "PhilJ"]
[Black "abuteague"]
[Result "0-1"]
[WhiteCountry "ENG"]
[BlackCountry "USA"]
[WhiteElo "1321"]
[WhiteRD "147"]
[BlackElo "1731"]
[BlackRD "91"]
[GameID "267652"]

1. e4 d6 2. d4 Nf6 3. Nc3 c6 4. Nf3 Qa5 5. e5 Ne4 6. Bd2 Nxd2 7. Qxd2 dxe5 8. dxe5 e6 9. O-O-O Bb4 10. Bd3 Bxc3
11. Qxc3 Qxa2 12. Ng5 h6 13. Ne4 O-O 14. Qa3 Qxa3 15. bxa3 Nd7 16. f4 Nb6 17. Rhf1 Nd5 18. g4 b6 19. Nd6 Ne3 20. Nxc8 Raxc8
21. Be2 Nxf1 22. Bxf1 Rcd8 23. f5 Rxd1+ 24. Kxd1 Rd8+ 25. Kc1 c5 26. h4 Rd4 27. Be2 exf5 28. gxf5 Rxh4 29. Bf3 Rf4 30. Be2 Rxf5
31. e6 fxe6 32. a4 h5 33. Bc4 Rf6 34. Kd2 h4 35. Bd3 h3 36. a5 h2 37. Be4 g5 38. Ke2 bxa5 39. Ke3 a4 40. Kd2 a3
41. Kc1 Rf1+ 42. Kd2 a2 43. Kc3 a1=Q+ 44. Kb3 Qd4 45. Bg2 Rb1+ 46. Ka2 Qa1#
0-1

[Event "for NEW players (#35) - 10d+1d/m"]
[Site "SchemingMind.com"]
[Date "2010.11.23"]
[Round "-"]
[White "SwirlingEddie"]
[Black "PhilJ"]
[Result "1-0"]
[WhiteCountry "USA"]
[BlackCountry "ENG"]
[WhiteElo "2059"]
[WhiteRD "145"]
[BlackElo "1416"]
[BlackRD "183"]
[GameID "267653"]

1. d4 d5 2. c4 c6 3. Nf3 Nf6 4. Qb3 Bf5 5. Qxb7 Nbd7 6. e3 e6 7. Qxc6 Rc8 8. Qa4 Bd6 9. c5 Qc7 10. Nc3 Ne4
11. Nxe4 dxe4 12. cxd6 Qxd6 13. Ne5 Rd8 14. Nxd7 Rxd7 15. Bb5 a6 16. Bxd7+ Qxd7 17. Qxd7+ Kxd7 18. b3 Rc8 19. Kd2 f6 20. Ba3 e5
21. dxe5 Ke6 22. exf6 gxf6 23. Rac1 Rd8+ 24. Ke2 Bg4+ 25. f3 Bh5 26. Rc6+ Kf5 27. g4+ Bxg4 28. fxg4+ Kxg4 29. Rxf6 Kg5 30. Be7 Rd7
31. Rg1+ Kh5 32. Rf5+ Kh6 33. Bf8+ Rg7 34. Bxg7#
1-0

[Event "for NEW players (#35) - 10d+1d/m"]
[Site "SchemingMind.com"]
[Date "2010.11.22"]
[Round "-"]
[White "abuteague"]
[Black "PhilJ"]
[Result "1-0"]
[WhiteCountry "USA"]
[BlackCountry "ENG"]
[WhiteElo "1723"]
[WhiteRD "125"]
[BlackElo "1416"]
[BlackRD "183"]
[GameID "267654"]

1. d4 d5 2. c4 c6 3. Bf4 Nf6 4. e3 Bf5 5. Nc3 e6 6. Nf3 Bb4 7. Be2 Ne4 8. Rc1 Qa5 9. O-O O-O 10. Nxe4 Bxe4
11. a3 Na6 12. axb4 Nxb4 13. Bd6 Rfd8 14. Bxb4 Qxb4 15. b3 c5 16. Ne5 dxc4 17. Bxc4 Rac8 18. Qg4 Qd2 19. Nxf7 Kxf7 20. Bxe6+ Ke8
21. Bxc8 g6 22. Qxe4+ Kf7 23. Qxb7+ Kf6 24. Rxc5 Rd6 25. Rc6 Rxc6 26. Qxc6+ Kg7 27. Ra1 g5 28. Rxa7+ Kf8 29. Qf6+ Ke8 30. Qh8#
1-0

[Event "for NEW players (#35) - 10d+1d/m"]
[Site "SchemingMind.com"]
[Date "2010.11.23"]
[Round "-"]
[White "Rolkin"]
[Black "SwirlingEddie"]
[Result "0-1"]
[WhiteCountry "POL"]
[BlackCountry "USA"]
[WhiteElo "1624"]
[WhiteRD "124"]
[BlackElo "2059"]
[BlackRD "145"]
[GameID "267661"]

1. d4 Nf6 2. c4 c5 3. d5 e6 4. dxe6 fxe6 5. Bg5 d5 6. e3 Be7 7. Nc3 d4 8. exd4 cxd4 9. Nb5 e5 10. Nf3 Nc6
11. Qa4 O-O 12. c5 a6 13. O-O-O Ne4 14. Bxe7 Qxe7 15. Nd6 Nxf2 16. Bc4+ Kh8 17. Rhf1 Nxd1 18. Qxd1 Be6 19. Qe2 b5 20. Bxe6 Qxe6
21. Ng5 Qxa2 22. Ndf7+ Kg8 23. Qh5 Qa1+ 24. Kd2 Qxb2+ 25. Ke1 Qc3+ 26. Kd1 Qd3+ 27. Ke1 Nd8 28. Nh6+ gxh6 29. Rxf8+ Kxf8 30. Qxh6+ Kg8
31. Qh5 Qg6
0-1

[Event "for NEW players (#35) - 10d+1d/m"]
[Site "SchemingMind.com"]
[Date "2010.11.22"]
[Round "-"]
[White "Rolkin"]
[Black "abuteague"]
[Result "1-0"]
[WhiteCountry "POL"]
[BlackCountry "USA"]
[WhiteElo "1543"]
[WhiteRD "243"]
[BlackElo "1338"]
[BlackRD "292"]
[GameID "267662"]

1. d4 d6 2. c4 e5 3. dxe5 dxe5 4. Qxd8+ Kxd8 5. Nc3 Be6 6. e4 c6 7. Bg5+ f6 8. O-O-O+ Kc7 9. Be3 Ne7 10. Nf3 Ng6
11. Be2 Be7 12. Rd2 Nd7 13. g3 a5 14. Rhd1 Rhd8 15. Na4 Bb4 16. Rc2 Ne7 17. a3 Nc8 18. axb4 axb4 19. b3 Ncb6 20. Bxb6+ Nxb6
21. Rxd8
1-0

[Event "for NEW players (#35) - 10d+1d/m"]
[Site "SchemingMind.com"]
[Date "2010.11.22"]
[Round "-"]
[White "Rolkin"]
[Black "PhilJ"]
[Result "1-0"]
[WhiteCountry "POL"]
[BlackCountry "ENG"]
[WhiteElo "1624"]
[WhiteRD "124"]
[BlackElo "1416"]
[BlackRD "183"]
[GameID "267663"]

1. d4 d5 2. c4 c6 3. Nf3 Nf6 4. e3 Bf5 5. Nc3 e6 6. Be2 Bb4 7. Bd2 Na6 8. cxd5 cxd5 9. Bxa6 bxa6 10. Qa4+ Nd7
11. Qxb4 Rb8 12. Qa3 Nf6 13. Ne5 Ne4 14. Nc6 Qg5 15. Nxb8 Qxg2 16. Qa4+ Ke7 17. Qd7+ Kf6 18. O-O-O Qxf2 19. Nc6 Nxd2 20. Qe7+ Kg6
21. Rhg1+ Kh5 22. Qg5#
1-0

[Event "for NEW players (#35) - 10d+1d/m"]
[Site "SchemingMind.com"]
[Date "2010.11.23"]
[Round "-"]
[White "SwirlingEddie"]
[Black "Rolkin"]
[Result "1-0"]
[WhiteCountry "USA"]
[BlackCountry "POL"]
[WhiteElo "2059"]
[WhiteRD "145"]
[BlackElo "1624"]
[BlackRD "124"]
[GameID "267664"]

1. d4 e6 2. c4 d5 3. g3 Nf6 4. Nf3 c5 5. cxd5 Qxd5 6. Nc3 Qd8 7. Bg2 Nc6 8. e3 Be7 9. O-O O-O 10. dxc5 Bxc5
11. a3 Qe7 12. b4 Bb6 13. Na4 Rd8 14. Qc2 Qc7 15. Nxb6 Qxb6 16. Bb2 Nd5 17. Ng5 f5 18. e4 Ne3 19. Qc3 e5 20. Qb3+ Nd5
21. exd5 Nd4 22. Bxd4 exd4 23. d6+ Kh8 24. Nf7+ Kg8 25. Nh6+ Kh8 26. Qg8+ Rxg8 27. Nf7#
1-0

[Event "for NEW players (#35) - 10d+1d/m"]
[Site "SchemingMind.com"]
[Date "2010.11.23"]
[Round "-"]
[White "abuteague"]
[Black "Rolkin"]
[Result "1/2-1/2"]
[WhiteCountry "USA"]
[BlackCountry "POL"]
[WhiteElo "1723"]
[WhiteRD "125"]
[BlackElo "1624"]
[BlackRD "124"]
[GameID "267665"]

1. d4 e6 2. c4 d5 3. Bf4 Nf6 4. e3 c5 5. Nf3 Nc6 6. Nc3 a6 7. Be2 dxc4 8. Bxc4 b5 9. Be2 Bb7 10. O-O cxd4
11. Nxd4 Be7 12. Bf3 Rc8 13. Nxc6 Bxc6 14. Qxd8+ Bxd8 15. Bd6 Bxf3 16. gxf3 Be7 17. Rad1 Rd8 18. Bxe7 Kxe7 19. Rxd8 Rxd8 20. Rd1 Rxd1+
21. Nxd1 Kd6 22. Kf1 Kc5 23. Ke2 b4 24. Kd3 Nd7 25. b3 Nb6 26. Nb2 a5 27. e4 e5 28. Ke3 f6 29. Nd3+ Kb5 30. f4 exf4+
31. Nxf4 a4 32. Ne6 g6 33. Nf8 Nc4+ 34. Kd4 axb3 35. axb3 Nd2 36. Nxh7 Nxb3+ 37. Ke3 Nc5 38. Nxf6 Kc4 39. Kd2 Kd4 40. f3 b3
41. Kc1 Ke3 42. Ng4+ Kf4 43. Kb2 g5 44. Nf6 Kxf3 45. Nh7 g4 46. Nf6= Nxe4 47. Nxg4 Kxg4= 48. Kxb3 Kh3= 49. Kc4 Kxh2
1/2-1/2

[Event "for NEW players (#35) - 10d+1d/m"]
[Site "SchemingMind.com"]
[Date "2010.11.22"]
[Round "-"]
[White "PhilJ"]
[Black "Rolkin"]
[Result "0-1"]
[WhiteCountry "ENG"]
[BlackCountry "POL"]
[WhiteElo "1321"]
[WhiteRD "147"]
[BlackElo "1637"]
[BlackRD "108"]
[GameID "267666"]

1. e4 e6 2. d4 d5 3. e5 c5 4. c3 Nc6 5. Nf3 Qb6 6. a3 Bd7 7. Bd2 cxd4 8. cxd4 Nxd4 9. Nc3 Nxf3+ 10. Qxf3 Qxb2
11. Qd1 Qb6 12. Qg4 f6 13. Rb1 Qc7 14. Bd3 fxe5 15. Nb5 Qd8 16. O-O Nf6 17. Qg5 a6 18. Nd6+ Bxd6 19. Qxg7 Rg8 20. Qh6 e4
21. Bc2 Rg6 22. Qh4 Qc7 23. Rfc1 Bc6 24. Qh3 Kd7 25. Bd1 Rag8 26. Rc3 Kd8 27. Rbc1 d4 28. Rc4 Rxg2+ 29. Qxg2 Rxg2+ 30. Kxg2 e3+
31. f3 exd2 32. R1c2 Qg7+ 33. Kf2 Bxh2 34. Rxd2 Qg1+ 35. Ke2 Qe3+ 36. Kf1 Qxd2 37. Bb3 Bxf3 38. Rc2 Bg2#
0-1

[Event "for NEW players (#35) - 10d+1d/m"]
[Site "SchemingMind.com"]
[Date "2010.11.24"]
[Round "-"]
[White "Haydn"]
[Black "SwirlingEddie"]
[Result "0-1"]
[WhiteCountry "ENG"]
[BlackCountry "USA"]
[WhiteElo "1116"]
[WhiteRD "139"]
[BlackElo "2059"]
[BlackRD "145"]
[GameID "267741"]

1. e4 e5 2. Nf3 Nc6 3. Bb5 a6 4. Bxc6 dxc6 5. Nxe5 Qd4 6. Nf3 Qxe4+ 7. Qe2 Qxe2+ 8. Kxe2 Bg4 9. Re1 O-O-O 10. Kf1 Nf6
11. Nc3 Bd6 12. Ng5 Rde8
0-1

[Event "for NEW players (#35) - 10d+1d/m"]
[Site "SchemingMind.com"]
[Date "2010.11.23"]
[Round "-"]
[White "Haydn"]
[Black "abuteague"]
[Result "0-1"]
[WhiteCountry "ENG"]
[BlackCountry "USA"]
[WhiteElo "1116"]
[WhiteRD "139"]
[BlackElo "1723"]
[BlackRD "125"]
[GameID "267742"]

1. e4 d6 2. d4 Nf6 3. Nc3 c6 4. d5 cxd5 5. exd5 Nbd7 6. Bb5 a6 7. Bxd7+ Bxd7 8. Nf3 g6 9. O-O Bg7 10. Nh4 O-O
11. Bg5 Qa5 12. Re1 Rfe8 13. Nf3 Bg4 14. Bxf6 Bxf6 15. h3 Bxc3 16. bxc3 Bxf3
0-1

[Event "for NEW players (#35) - 10d+1d/m"]
[Site "SchemingMind.com"]
[Date "2010.11.23"]
[Round "-"]
[White "Haydn"]
[Black "Rolkin"]
[Result "0-1"]
[WhiteCountry "ENG"]
[BlackCountry "POL"]
[WhiteElo "1116"]
[WhiteRD "139"]
[BlackElo "1624"]
[BlackRD "124"]
[GameID "267744"]

1. e4 e6 2. d4 d5 3. e5 c5 4. c3 Nc6 5. Nf3 Qb6 6. Na3 cxd4 7. cxd4 Bxa3 8. bxa3 Nge7 9. Be3 Qa5+ 10. Qd2 Qxa3
11. Bb5 Bd7 12. Bxc6 Nxc6 13. O-O O-O
0-1

[Event "for NEW players (#35) - 10d+1d/m"]
[Site "SchemingMind.com"]
[Date "2010.11.24"]
[Round "-"]
[White "SwirlingEddie"]
[Black "Haydn"]
[Result "1-0"]
[WhiteCountry "USA"]
[BlackCountry "ENG"]
[WhiteElo "2059"]
[WhiteRD "145"]
[BlackElo "1116"]
[BlackRD "139"]
[GameID "267745"]

1. d4 e6 2. c4 d5 3. Nf3 dxc4 4. e3 b5 5. b3 Qf6 6. bxc4 Bc5 7. cxb5 Nh6 8. Qc2 Bd6 9. Bb2 O-O 10. Bd3 g6
11. O-O Nd7 12. Nbd2 a6 13. e4
1-0

[Event "for NEW players (#35) - 10d+1d/m"]
[Site "SchemingMind.com"]
[Date "2010.11.23"]
[Round "-"]
[White "abuteague"]
[Black "Haydn"]
[Result "1-0"]
[WhiteCountry "USA"]
[BlackCountry "ENG"]
[WhiteElo "1723"]
[WhiteRD "125"]
[BlackElo "1116"]
[BlackRD "139"]
[GameID "267746"]

1. d4 d5 2. c4 dxc4 3. Nc3 e5 4. dxe5 Qxd1+ 5. Nxd1 Nc6 6. Nf3 f6 7. exf6 Nxf6 8. e3 b5 9. Be2 h5 10. O-O Be7
11. Nc3 a6 12. Bd2 O-O 13. Rad1 Bg4 14. h3 Bf5 15. Bc1 Bb4 16. Nd5 Nxd5 17. Rxd5
1-0

[Event "for NEW players (#35) - 10d+1d/m"]
[Site "SchemingMind.com"]
[Date "2010.11.23"]
[Round "-"]
[White "Rolkin"]
[Black "Haydn"]
[Result "1-0"]
[WhiteCountry "POL"]
[BlackCountry "ENG"]
[WhiteElo "1624"]
[WhiteRD "124"]
[BlackElo "1116"]
[BlackRD "139"]
[GameID "267748"]

1. d4 e6 2. c4 d5 3. e3 Nf6 4. Nc3 Bb4 5. Bd2 Bxc3 6. Bxc3 O-O 7. Nf3 Nc6 8. Bd3 Ne4 9. Nd2 Nxc3 10. bxc3 b6
11. O-O g6 12. Qa4 Bb7 13. cxd5 Qxd5 14. Be4
1-0

[Event "for NEW players (#35) - 10d+1d/m"]
[Site "SchemingMind.com"]
[Date "2010.11.24"]
[Round "-"]
[White "ChessAnarchist"]
[Black "SwirlingEddie"]
[Result "0-1"]
[WhiteCountry "USA"]
[BlackCountry "USA"]
[WhiteElo "1648"]
[WhiteRD "162"]
[BlackElo "2059"]
[BlackRD "145"]
[GameID "267772"]

1. d4 Nf6 2. c4 e6 3. g3 c5 4. d5 exd5 5. cxd5 d6 6. Nc3 g6 7. Bg2 Bg7 8. Nf3 O-O 9. O-O Re8 10. Nd2 a6
11. a4 Nbd7 12. Nc4 Ne5 13. Nxe5 Rxe5 14. Bf4 Re8 15. e4 Ng4 16. h3 Ne5 17. Re1 Bd7 18. Kh2 b5 19. Bxe5 Bxe5 20. f4 Bg7
21. axb5 axb5 22. Qb3 b4 23. Rxa8 Qxa8 24. Nb1 Qa1
0-1

[Event "for NEW players (#35) - 10d+1d/m"]
[Site "SchemingMind.com"]
[Date "2010.11.23"]
[Round "-"]
[White "ChessAnarchist"]
[Black "abuteague"]
[Result "1/2-1/2"]
[WhiteCountry "USA"]
[BlackCountry "USA"]
[WhiteElo "1648"]
[WhiteRD "162"]
[BlackElo "1723"]
[BlackRD "125"]
[GameID "267773"]

1. d4 d6 2. c4 e5 3. Nf3 e4 4. Ng5 f5 5. Nc3 Be7 6. Nh3 c6 7. g3 Be6 8. d5 Bf7 9. f3 exf3 10. exf3 Nf6
11. Ng5 Nbd7 12. Bh3 g6 13. O-O O-O 14. Re1 Nh5 15. Ne6 Bxe6 16. Rxe6 Nc5 17. Re2 Ng7 18. Be3 Qb6 19. Bxc5 Qxc5+ 20. Kh1 Bf6
21. Qd3 Rfe8 22. Rae1 Qb4 23. f4 Rxe2 24. Rxe2 Re8 25. Rxe8+ Nxe8 26. dxc6 bxc6 27. Bg2 Qxb2 28. Bxc6 Qxc3 29. Qxc3 Bxc3 30. Bxe8 Kf8
31. Bc6= Ke7 32. Kg2 Kf6 33. Kf3 Bd4 34. Bd5 a5=
1/2-1/2

[Event "for NEW players (#35) - 10d+1d/m"]
[Site "SchemingMind.com"]
[Date "2010.11.23"]
[Round "-"]
[White "ChessAnarchist"]
[Black "PhilJ"]
[Result "1-0"]
[WhiteCountry "USA"]
[BlackCountry "ENG"]
[WhiteElo "1675"]
[WhiteRD "130"]
[BlackElo "1321"]
[BlackRD "147"]
[GameID "267774"]

1. d4 d5 2. c4 c6 3. Nf3 dxc4 4. e3 b5 5. a4 e6 6. axb5 cxb5 7. b3 Bb4+ 8. Bd2 Nc6 9. bxc4 bxc4 10. Bxc4 Nf6
11. Bxb4 Nxb4 12. Qa4+ Nc6 13. Qxc6+ Bd7 14. Qd6 Ne4 15. Qa3 Rc8 16. Bd3 Ng5 17. Nxg5 Qxg5 18. O-O Bc6 19. e4 a5 20. f4 Qf6
21. d5 exd5 22. exd5 Bxd5 23. Re1+ Be6 24. Bb5+ Kd8 25. Qxa5+ Ke7 26. Qb4+ Kd8 27. Rd1+ Kc7 28. Ra7+ Kb6 29. Qa5+ Kc5 30. Bd7+ Kc4
31. Qb5#
1-0

[Event "for NEW players (#35) - 10d+1d/m"]
[Site "SchemingMind.com"]
[Date "2010.11.23"]
[Round "-"]
[White "ChessAnarchist"]
[Black "Haydn"]
[Result "1-0"]
[WhiteCountry "USA"]
[BlackCountry "ENG"]
[WhiteElo "1648"]
[WhiteRD "162"]
[BlackElo "1116"]
[BlackRD "139"]
[GameID "267775"]

1. d4 Nf6 2. c4 d5 3. cxd5 Qxd5 4. Nc3 Qf5 5. Nf3 c6 6. g3 Qa5 7. Bg2 e6 8. O-O Bb4 9. Qc2 Bxc3 10. bxc3 O-O
11. e4 Ne8 12. a4 Nd7 13. e5 f6 14. Ba3
1-0

[Event "for NEW players (#35) - 10d+1d/m"]
[Site "SchemingMind.com"]
[Date "2010.11.23"]
[Round "-"]
[White "ChessAnarchist"]
[Black "Rolkin"]
[Result "1-0"]
[WhiteCountry "USA"]
[BlackCountry "POL"]
[WhiteElo "1648"]
[WhiteRD "162"]
[BlackElo "1624"]
[BlackRD "124"]
[GameID "267776"]

1. d4 e6 2. c4 d5 3. Nf3 Nf6 4. g3 c5 5. cxd5 Nxd5 6. Bg2 cxd4 7. O-O Nc6 8. Nxd4 Bc5 9. Nb3 Bb6 10. Na3 O-O
11. Nc4 Bc7 12. e4 Nb6 13. Qe2 Qe7 14. Be3 Nxc4 15. Qxc4 Rd8 16. Rfd1 Qb4 17. Qc2 Bd7 18. Nc5 Be8 19. a3 Qb5 20. Bf1 Qb6
21. Nxe6 Rxd1 22. Rxd1 Qa5 23. b4 Qe5 24. Nxc7 Qxc7 25. b5 Qa5 26. bxc6 Bxc6 27. Bc1 Re8 28. Bg2 Ba4 29. Qd2 Qb6 30. Re1 g6
31. Bb2 Rc8 32. Rc1 Rd8 33. Qc3 f6 34. e5 Kf7 35. exf6 Re8 36. Bd5+ Kf8 37. f7
1-0

[Event "for NEW players (#35) - 10d+1d/m"]
[Site "SchemingMind.com"]
[Date "2010.11.24"]
[Round "-"]
[White "SwirlingEddie"]
[Black "ChessAnarchist"]
[Result "1-0"]
[WhiteCountry "USA"]
[BlackCountry "USA"]
[WhiteElo "2059"]
[WhiteRD "145"]
[BlackElo "1648"]
[BlackRD "162"]
[GameID "267777"]

1. d4 Nf6 2. c4 c5 3. d5 b5 4. cxb5 a6 5. b6 Qxb6 6. Nc3 g6 7. Nf3 d6 8. e4 Nbd7 9. Be2 Bg7 10. Nd2 O-O
11. Nc4 Qc7 12. O-O Nb6 13. Ne3 e6 14. dxe6 Bxe6 15. a4 Rfd8 16. a5 Nbd7 17. f4 Nb8 18. f5 Bc8 19. Bc4 gxf5 20. Nxf5 Bxf5
21. Rxf5 Nbd7 22. Nd5 Qa7 23. Bg5 Nxd5 24. Bxd5
1-0

[Event "for NEW players (#35) - 10d+1d/m"]
[Site "SchemingMind.com"]
[Date "2010.11.23"]
[Round "-"]
[White "abuteague"]
[Black "ChessAnarchist"]
[Result "1/2-1/2"]
[WhiteCountry "USA"]
[BlackCountry "USA"]
[WhiteElo "1723"]
[WhiteRD "125"]
[BlackElo "1648"]
[BlackRD "162"]
[GameID "267778"]

1. d4 Nf6 2. Bg5 Ne4 3. Bf4 c5 4. d5 Qb6 5. Qc1 d6 6. c4 g6 7. Nc3 Qa5 8. Nf3 Bg7 9. Bd2 Nxd2 10. Nxd2 a6
11. e3 Bd7 12. Be2 b5 13. cxb5 Bxb5 14. Nxb5 axb5 15. a3 Nd7 16. Rb1 O-O 17. b4 Qb6 18. bxc5 Qxc5 19. Qxc5 Nxc5 20. Bxb5 Rxa3
21. O-O Bc3 22. Nc4 Ra2 23. Rbc1 Bg7 24. Bc6 Rd8= 25. f3 Bf6=
1/2-1/2

[Event "for NEW players (#35) - 10d+1d/m"]
[Site "SchemingMind.com"]
[Date "2010.11.23"]
[Round "-"]
[White "PhilJ"]
[Black "ChessAnarchist"]
[Result "0-1"]
[WhiteCountry "ENG"]
[BlackCountry "USA"]
[WhiteElo "1321"]
[WhiteRD "147"]
[BlackElo "1675"]
[BlackRD "130"]
[GameID "267779"]

1. e4 e6 2. d4 d5 3. Nc3 Nf6 4. e5 Nfd7 5. f4 c5 6. Nf3 Nc6 7. Be3 a6 8. g4 cxd4 9. Nxd4 Bc5 10. Nxc6 bxc6
11. Qf3 d4 12. Qxc6 Rb8 13. Bf2 Bb7 14. Qa4 Bxh1 15. Bxd4 Rb4 16. Qa3 Rxd4 17. Rd1 Rxd1+ 18. Nxd1 Bxa3 19. Nf2 Qa5+ 20. Ke2 Bxb2
21. Nxh1 Bc1 22. Kf2 Qd2+ 23. Kg3 Qxf4+ 24. Kg2 Nxe5 25. Be2 Be3 26. Kh3 h5 27. gxh5 Nf3 28. Bxf3 Qxf3+ 29. Ng3 Rxh5#
0-1

[Event "for NEW players (#35) - 10d+1d/m"]
[Site "SchemingMind.com"]
[Date "2010.11.23"]
[Round "-"]
[White "Haydn"]
[Black "ChessAnarchist"]
[Result "0-1"]
[WhiteCountry "ENG"]
[BlackCountry "USA"]
[WhiteElo "1116"]
[WhiteRD "139"]
[BlackElo "1648"]
[BlackRD "162"]
[GameID "267780"]

1. d4 Nf6 2. Nc3 d5 3. Nf3 e6 4. a3 Ne4 5. Bd2 Nd6 6. Bf4 Bd7 7. Bxd6 Bxd6 8. e4 dxe4 9. Nxe4 Be7 10. Bd3 O-O
11. Qe2 Bc6 12. O-O Nd7 13. Bb5 Bxb5 14. Qxb5 Rb8
0-1

[Event "for NEW players (#35) - 10d+1d/m"]
[Site "SchemingMind.com"]
[Date "2010.11.23"]
[Round "-"]
[White "Rolkin"]
[Black "ChessAnarchist"]
[Result "0-1"]
[WhiteCountry "POL"]
[BlackCountry "USA"]
[WhiteElo "1624"]
[WhiteRD "124"]
[BlackElo "1648"]
[BlackRD "162"]
[GameID "267781"]

1. d4 Nf6 2. Bg5 Ne4 3. Bf4 c5 4. f3 Qa5+ 5. c3 Nf6 6. Nd2 cxd4 7. Nb3 Qb6 8. Qxd4 Qxd4 9. cxd4 g6 10. e4 Bg7
11. Rc1 O-O 12. Bb5 Nc6 13. Ne2 a6 14. Bxc6 dxc6 15. O-O Ne8 16. Rfd1 Nd6 17. Nc3 Nb5 18. Nxb5 axb5 19. a3 Ra4 20. Nc5 Rxd4
21. b4 Rfd8 22. Re1 b6 23. Bc7 bxc5 24. Bxd8 Rxd8 25. bxc5 Bb2 26. Rcd1 Rd7 27. Rxd7 Bxd7 28. Rd1 Be6 29. Rd8+ Kg7 30. Ra8 Bd4+
31. Kf1 Bxc5 32. a4 Bc4+ 33. Ke1 Bb4+ 34. Kd1 bxa4 35. Kc1 Bb3 36. Kb2 c5
0-1